Viễn thám và hệ thông tin địa lý trong nghiên cứu, quản lý tài nguyên sinh vật ở các vườn quốc gia Việt Nam: Vườn quốc gia trên đất liền

Nội dung sách gồm: Bảo tồn đa dạng sinh học ở các vườn quốc gia. Viễn thám và hệ thông tin địa lý trong nghiên cứu vườn quốc gia. Quy trình ứng dụng công nghệ viễn thám và GIS. Cơ sở dữ liệu viễn thám và GIS các vườn quốc gia....

Szczegółowa specyfikacja

Zapisane w:
Opis bibliograficzny
1. autor: Hà Quý Quỳnh
Format: Książka
Język:Vietnamese
Wydane: H. Khoa học Tự nhiên và Công nghệ 2017
Hasła przedmiotowe:
Etykiety: Dodaj etykietę
Nie ma etykietki, Dołącz pierwszą etykiete!
Thư viện lưu trữ: Thư viện Trường Đại học Nam Cần Thơ
LEADER 01451nam a22002057a 4500
001 NCT_146117
008 230330b xxu||||| |||| 00| 0 vie d
999 |c 7523  |d 7523 
020 |a 9786049135675  |c 250000 
082 0 4 |2 23rd ed.  |a 333.95  |b Q531 
100 |a Hà Quý Quỳnh 
245 1 0 |a Viễn thám và hệ thông tin địa lý trong nghiên cứu, quản lý tài nguyên sinh vật ở các vườn quốc gia Việt Nam:  |b Vườn quốc gia trên đất liền  |c Hà Quý Quỳnh 
260 |a H.  |b Khoa học Tự nhiên và Công nghệ  |c 2017 
300 |a 331 tr.  |b minh họa  |c 24 cm 
520 3 |a Nội dung sách gồm: Bảo tồn đa dạng sinh học ở các vườn quốc gia. Viễn thám và hệ thông tin địa lý trong nghiên cứu vườn quốc gia. Quy trình ứng dụng công nghệ viễn thám và GIS. Cơ sở dữ liệu viễn thám và GIS các vườn quốc gia. 
653 |a Quản lý Tài nguyên Môi trường 
942 |2 ddc  |c BK 
952 |0 0  |1 0  |2 ddc  |4 0  |6 333_950000000000000_Q531  |7 0  |9 27112  |a 000001  |b 000001  |d 2023-03-30  |o 333.95 Q531  |p MD.21430  |r 2023-03-30  |v 250000.00  |w 2023-03-30  |y BK 
952 |0 0  |1 0  |2 ddc  |4 0  |6 333_950000000000000_Q531  |7 0  |9 27113  |a 000001  |b 000001  |d 2023-03-30  |o 333.95 Q531  |p MD.21431  |r 2023-03-30  |v 250000.00  |w 2023-03-30  |y BK 
980 |a Thư viện Trường Đại học Nam Cần Thơ